Statistics for The Office - Dunder Mifflin Branches

Click here to take the quiz!

General Stats

  • This quiz has been taken 7,186 times
    (7,185 since last reset)
  • The average score is 7 of 14

Answers on the Map

Answers color-coded by a green-red scale on the quiz's map according to % correct below.
Loading ...
 

Answer Stats

Branch% Correct
New York City
95%
Scranton
94%
Buffalo
74%
Albany
59%
Stamford
52%
Utica
52%
Nashua
49%
Syracuse
42%
Rochester
39%
Akron
33%
Yonkers
24%
Binghamton
21%
Camden
20%
Pittsfield
14%

Score Distribution

Percentile by Number Answered

Percent of People with Each Score

Your Score History

You have not taken this quiz since the last reset